Presidentes do Brasil pelas 2 primeiras letras - Statistics

Estatísticas Gerais
  • Esse quiz foi jogado 171 vezes
  • A pontuação média é 34 de 39
Estatísticas das Respostas
Período Presidente % Correto
1955 Carlos Luz
99%
2019 - 2022 Jair Bolsonaro
99%
2023 - Atual Luis Inácio Lula da Silva
99%
2003 - 2010 Luis Inácio Lula da Silva
99%
1926 - 1930 Washington Luís
99%
2011 - 2016 Dilma Roussef
97%
1990 - 1992 Fernando Collor
97%
1995 - 2002 Fernando Henrique Cardoso
97%
2016 - 2018 Michel Temer
96%
1961 - 1964 João Goulart
95%
1889 - 1891 Deodoro da Fonseca
94%
1951 - 1954 Getúlio Vargas
94%
1930 - 1945 Getúlio Vargas
94%
1945 - 1946 José Linhares
94%
1985 - 1989 José Sarney
94%
1918 - 1919 Delfim Moreira
92%
1964 - 1967 Humberto Castelo Branco
92%
1979 - 1985 João Figueiredo
92%
1954 - 1955 Café Filho
91%
1898 - 1902 Campos Sales
91%
1974 - 1979 Ernesto Geisel
90%
1961 Jânio Quadros
89%
1891 - 1894 Floriano Peixoto
87%
1967 - 1969 Artur da Costa e Silva
86%
1909 - 1910 Nilo Peçanha
84%
1956 - 1961 Juscelino Kubitschek
83%
1969 - 1974 Emílio Médici
81%
1964 Ranieri Mazzili
79%
1961 Ranieri Mazzili
79%
1992 - 1994 Itamar Franco
77%
1906 - 1909 Afonso Pena
76%
1919 - 1922 Epitácio Pessoa
76%
1946 - 1951 Eurico Gaspar Dutra
74%
1894 - 1898 Prudente de Morais
72%
1910 - 1914 Hermes da Fonseca
70%
1955 - 1956 Nereu Ramos
69%
1922 - 1926 Artur Bernardes
67%
1914 - 1918 Venceslau Brás
65%
1902 - 1906 Rodrigues Alves
60%
Nenhum quiz correspondente encontrado
Distribuição das Pontuações
Porcentagem de Pessoas com Cada Pontuação
Percentil de Números Respondidos
Sua Pontuação Histórica
Você não jogou esse quiz